Evropská unie na prahu nového rozšíření

Perspektíva vstupu krajín strednej a východnej Európy do Európskej únie (EU). Prístup EU k vlastnému rozšíreniu. Komplex podmienok pre plné členstvo v EU. Časová náročnosť splnenia podmienok vstupu do EU. Perspektíva členstva postkomunistických krajín strednej a východnej Európy v EU. Orientácia na...

Descrizione completa

Salvato in:
Dettagli Bibliografici
Autore principale: Jakš, Jaroslav
Natura: Capitolo di libro
Lingua:ceco
Soggetti:
Tags: Aggiungi Tag
Nessun Tag, puoi essere il primo ad aggiungerne!!

MARC

LEADER 00000naa a2200000 4500
001 r016267
005 20221205090525.2
041 0 |a cze 
044 |a CZ 
245 1 0 |a Evropská unie na prahu nového rozšíření  |c Jaroslav Jakš 
520 |a Perspektíva vstupu krajín strednej a východnej Európy do Európskej únie (EU). Prístup EU k vlastnému rozšíreniu. Komplex podmienok pre plné členstvo v EU. Časová náročnosť splnenia podmienok vstupu do EU. Perspektíva členstva postkomunistických krajín strednej a východnej Európy v EU. Orientácia na tzv. Európsky hospodársky priestor ako medzistupeň na ceste k plnému členstvu v EU. 
610 2 0 |a Európska únia 
610 2 0 |a integrácia ekonomická medzinárodná 
610 2 0 |a stredná Európa 
610 2 0 |a východná Európa 
100 1 |a Jakš, Jaroslav